000 00462cam a22000977a 4500
008 180718b1960 xxu||||| |||| 00| 0 eng d
082 _aN4x42 Un3rcm/6
245 _aRoyal commission on the police: minutes of evidence 6 sixth day, Friday, 13th May, 1960 (witnesses: lord Stonham commissioner of police for the city of London)
_cby Her Majesty's Stationery Office
260 _aLondon
_bHer Majesty's Stationery Office
_c1960
700 _aHer Majesty's Stationery Office
999 _c411143
_d411143